Online
Catalog

Así se derrotó al imperialismo : (Record no. 5819)

MARC details
000 -CABECERA
campo de control de longitud fija 01311cam a2200337 a 4500
001 - NÚMERO DE CONTROL
campo de control 000006023
005 - FECHA Y HORA DE LA ÚLTIMA TRANSACCIÓN
campo de control 20240502094959.0
008 - DATOS DE LONGITUD FIJA--INFORMACIÓN GENERAL
campo de control de longitud fija 790716s1978 mx a 001 0 spa
020 ## - NÚMERO INTERNACIONAL ESTÁNDAR DEL LIBRO
Número Internacional Estándar del Libro 968230265X
020 ## - NÚMERO INTERNACIONAL ESTÁNDAR DEL LIBRO
Número Internacional Estándar del Libro 9682302935 (vol.1)
020 ## - NÚMERO INTERNACIONAL ESTÁNDAR DEL LIBRO
Número Internacional Estándar del Libro 9682302943 (vol.2)
040 ## - FUENTE DE LA CATALOGACIÓN
Centro catalogador/agencia de origen DO-SdBNP
Lengua de catalogación spa
Centro/agencia transcriptor NNPHU
082 ## - NÚMERO DE LA CLASIFICACIÓN DECIMAL DEWEY
Número de clasificación 972.91
Número de documento/Ítem C355a
100 1# - ENTRADA PRINCIPAL--NOMBRE DE PERSONA
Nombre de persona Castro, Fidel
Forma completa/desarrollada del nombre (Fidel Alejandro Castro Ruz),
Fechas asociadas al nombre 1926-
9 (RLIN) 16176
240 10 - TÍTULO UNIFORME
Título uniforme Así se derrotó al imperialismo
245 10 - MENCIÓN DE TÍTULO
Título Así se derrotó al imperialismo :
Resto del título preparando la defensa /
Mención de responsabilidad, etc. Fidel Castro, Osvaldo Dorticós, Raúl Roa.
260 ## - PUBLICACIÓN, DISTRIBUCIÓN, ETC.
Lugar de publicación, distribución, etc. México :
Nombre del editor, distribuidor, etc. Siglo Veintiuno,
Fecha de publicación, distribución, etc. 1978.
300 ## - DESCRIPCIÓN FÍSICA
Extensión 2 v. :
Otras características físicas il. ;
Dimensiones 22 cm.
490 1# - MENCIÓN DE SERIE
Mención de serie América nuestra.
490 1# - MENCIÓN DE SERIE
Mención de serie Caminos de liberación
Designación de volumen o secuencia vol. 1 no. 19.
500 ## - NOTA GENERAL
Nota general Sub título del volumen II: el combate y la victoria
651 #4 - PUNTO DE ACCESO ADICIONAL DE MATERIA--NOMBRE GEOGRÁFICO
Nombre geográfico Cuba
Subdivisión general Historia
Subdivisión cronológica 1959-1990
Subdivisión de forma FUENTES
9 (RLIN) 2933
651 #4 - PUNTO DE ACCESO ADICIONAL DE MATERIA--NOMBRE GEOGRÁFICO
Nombre geográfico Cuba
Subdivisión general Historia
Subdivisión cronológica INVASIÓN, 1961
Subdivisión de forma FUENTES
9 (RLIN) 16968
650 #4 - PUNTO DE ACCESO ADICIONAL DE MATERIA--TÉRMINO DE MATERIA
Término de materia o nombre geográfico como elemento de entrada Socialismo
Subdivisión geográfica Cuba
Subdivisión general Historia
9 (RLIN) 16969
650 #4 - PUNTO DE ACCESO ADICIONAL DE MATERIA--TÉRMINO DE MATERIA
Término de materia o nombre geográfico como elemento de entrada Imperialismo
Subdivisión general Historia
9 (RLIN) 16970
700 1# - PUNTO DE ACCESO ADICIONAL--NOMBRE DE PERSONA
Nombre de persona Castro, Fidel
Fechas asociadas al nombre 1926-2016
9 (RLIN) 16971
700 1# - PUNTO DE ACCESO ADICIONAL--NOMBRE DE PERSONA
Nombre de persona Dorticós, Osvaldo.
9 (RLIN) 16972
700 1# - PUNTO DE ACCESO ADICIONAL--NOMBRE DE PERSONA
Nombre de persona Roa, Raúl.
9 (RLIN) 16973
830 #0 - PUNTO DE ACCESO ADICIONAL DE SERIE-TÍTULO UNIFORME
Título uniforme América nuestra.
Nombre de parte o sección de la obra caminos de liberación
Designación de volumen o secuencia vol. 1 19.
9 (RLIN) 16974
830 #0 - PUNTO DE ACCESO ADICIONAL DE SERIE-TÍTULO UNIFORME
Título uniforme América nuestra.
Nombre de parte o sección de la obra caminos de liberación
Designación de volumen o secuencia vol. 2 20.
9 (RLIN) 16974
Holdings
Estado de retiro Estado de pérdida Restricciones de uso No para préstamo Código de colección Localización permanente Ubicación/localización actual Ubicación en estantería Fecha de adquisición Número de inventario Total de préstamos Signatura topográfica completa Código de barras Fecha visto por última vez Precio válido a partir de Tipo de ítem Koha
    Préstamo interno   Monografías: Libros y Folletos General General En catalogación 25.08.2009 LF1   v.1 6023-10 25.06.2020 25.06.2020 Préstamo interno
    Préstamo interno   Monografías: Libros y Folletos General General En catalogación 26.08.2009 LF1   v.2 6023-20 25.06.2020 25.06.2020 Préstamo interno

Powered by Koha